Addison Rae - AR - Statistics

General Stats
  • This quiz has been taken 9 times
  • The average score is 2 of 5
Answer Stats
2023 AR % Correct
5 Obsessed
100%
3 Nothing On (But The Radio)
80%
1 I got it bad
40%
4 it could've been u
20%
2 2 die 4 (feat. Charli xcx)
0%
No matching quizzes found
Score Distribution
Percent of People with Each Score
Percentile by Number Answered
Your Score History
You have not taken this quiz